000
00330 a2200145 4500
001
47528
020
_a
9780746086551
040
_c
Anchieta - Aquarius
100
_a
Dobbie, Meg
240
1
0
_a
Find the kitten
_l
eng
245
1
0
_a
Find the kitten
300
_a
10p,
650
4
_a
Literatura infanto-juvenil em inglês
942
_c
BK
999
_c
47528
_d
47528